The EASA register 1992
Αποθηκεύτηκε σε:
| Άλλοι συγγραφείς: | , |
|---|---|
| Μορφή: | Βιβλίο |
| Γλώσσα: | English |
| Δημοσίευση: |
Gottingen :
European Association of Social Anthropologists,
1992.
|
| Θέματα: | |
| Ετικέτες: |
Προσθήκη ετικέτας
Δεν υπάρχουν, Καταχωρήστε ετικέτα πρώτοι!
|
MARC
| LEADER | 00000cam a2200000 i 4500 | ||
|---|---|---|---|
| 001 | 1/1076 | ||
| 008 | 950706s1992 gw | ||| |||| ||eng|| | ||
| 035 | |l 10014307 | ||
| 040 | |a GR-MyUa |b gre |e AACR2 | ||
| 041 | 0 | |a eng | |
| 082 | 7 | |a 301.092094 |2 (22) | |
| 245 | 0 | 4 | |a The EASA register 1992 / |c editor Rolf Husmann ; co-editor Gaby Husmann. |
| 260 | |a Gottingen : |b European Association of Social Anthropologists, |c 1992. | ||
| 300 | |a 514 σ. ; |c 20 εκ. | ||
| 610 | 2 | 0 | |a European Association of Social Anthropologists |x Directories. |
| 650 | 0 | 0 | |a Ethnologists |z Europe |x Directories. |
| 700 | 1 | |a Husmann, Rolf, |e edt | |
| 700 | 1 | |a Husmann, Gaby, |e edtf | |
| 852 | |a INST |b LESVOS |e 19950706 |h 301.092094 EAS |p 005100007912 |q 005100007912 |t REF |y 23 | ||
| 852 | |a INST |b LESVOS |e 19960718 |h 301.092094 EAS |p 005100009505 |q 005100009505 |t REF |y 23 | ||
| 922 | |a 1ΔΩΡ |b 199310 | ||